Una conceptualización de la prostitución&Reconceptualizing Prostitution /
Guardado en:
| Autor principal: | |
|---|---|
| Formato: | Texto |
| Etiquetas: |
Agregar Etiqueta
Sin Etiquetas, Sea el primero en etiquetar este registro!
|
MARC
| LEADER | 00000 a a2200000 04500 | ||
|---|---|---|---|
| 001 | 9341 | ||
| 003 | |||
| 040 | |||
| 100 | |a Kempadoo, Kamala | ||
| 245 | |a Una conceptualización de la prostitución&Reconceptualizing Prostitution / |c Kamala Kempadoo | ||
| 500 | |a Texto también en inglés | ||
| 773 | |g número 9; páginas 4-9 | ||
| 999 | |c 27457 |d 27457 | ||
